Ley Nº. 1306 de divorcio. Ley Nº. 985 sobre filiación de los hijos naturales (Registro nro. 2300)

Detalles MARC
000 -LEADER
fixed length control field 00542nam a22001691a 4500
001 - CONTROL NUMBER
control field 2300
003 - CONTROL NUMBER IDENTIFIER
control field OSt
005 - DATE AND TIME OF LATEST TRANSACTION
control field 20260204211807.0
008 - FIXED-LENGTH DATA ELEMENTS--GENERAL INFORMATION
fixed length control field 040210s(199||||dr ||||||b||||||||||spa||
050 ## - LIBRARY OF CONGRESS CALL NUMBER
Classification number RD 306.89 R293l
082 ## - DEWEY DECIMAL CLASSIFICATION NUMBER
Classification number RD 306.89 R293l
111 ## - ASIENTO PRINCIPAL -- NOMBRE DE LA REUNIÓN
Meeting name or jurisdiction name as entry element República Dominicana
245 ## - TÍTULO PROPIAMENTE DICHO: SUBTÍTULO
Title Ley Nº. 1306 de divorcio. Ley Nº. 985 sobre filiación de los hijos naturales
264 ## - PRODUCTION, PUBLICATION, DISTRIBUTION, MANUFACTURE, AND COPYRIGHT NOTICE
Place of production, publication, distribution, manufacture Santo Domingo : Dalis
650 ## - ASIENTO SECUNDARIO DE MATERIA -- TERMINO TEMÁTICO
Termino Temático Como Elemento de Entrada 1.Divorcio - República Dominicana 2.Ley Nº. 1306 de Divorcio 3.Ley Nº. 958 Hijos NaturalesÌ
942 ## - ADDED ENTRY ELEMENTS (KOHA)
Source of classification or shelving scheme Dewey Decimal Classification
Koha item type Libros
Existencias
Withdrawn status Lost status Source of classification or shelving scheme Damaged status Not for loan Current library Date acquired Full call number Barcode Date last seen Price effective from Koha item type
    Dewey Decimal Classification Descartado para donación   Biblioteca UTECO 09/09/2019 RD 306.89 R293L 005841 09/09/2019 09/09/2019 Libros
© 2021 Derechos Reservados UTECO - Teléfono: +1 809-585-2291 - Correo electrónico: biblioteca@uteco.edu.do​  
Código postal 43000 ​​
Dirección: Avenida Universitaria No. 100, 
Cotuí, Provincia Sánchez Ramírez, República Dominicana - RNC: 404-00059-6